000 00306nam a22001337a 4500
008 171019b xxu||||| |||| 00| 0 eng d
020 _a0873891163
041 _aeng
080 _a331
100 _a52
101 _aPUN
245 _aA STEP-BY-STEP GUIDE TO IMPLEMENTATION
_cWEAVER,CH.N
942 _2udc
_cBK
999 _c34900
_d34900